000 00332nam a22001457a 4500
003 OSt
005 20220214140032.0
008 220214b |||||||| |||| 00| 0 eng d
020 _a8127202584
040 _cHU
082 _a627.5
100 _aSankara
_930386
245 _aEfficient Use Of Irrigation Water
942 _2ddc
_cBOOKS
_n0
999 _c30185
_d30185